Vogelquiz - Alle Limikolen der Westpaläarktis - Statistiken

Allgemein
  • Dieses Quiz wurde 150 mal gespielt
    145 seit der letzten Aktualisierung
  • Das Durchschnittsergebnis liegt bei 49 aus 92
Antwortstatistiken
Arten % Korrekt
Alpenstrandläufer
93%
Goldregenpfeifer
93%
Kiebitz
93%
Sandregenpfeifer
93%
Flussregenpfeifer
91%
Flussuferläufer
90%
Kiebitzregenpfeifer
86%
Knutt
86%
Säbelschnäbler
86%
Uferschnepfe
86%
Bekassine
84%
Großer Brachvogel
84%
Waldwasserläufer
84%
Austernfischer
83%
Bruchwasserläufer
83%
Kampfläufer
83%
Pfuhlschnepfe
81%
Regenbrachvogel
81%
Sanderling
81%
Stelzenläufer
81%
Grünschenkel
80%
Rotschenkel
80%
Seeregenpfeifer
80%
Waldschnepfe
79%
Zwergstrandläufer
79%
Doppelschnepfe
77%
Sichelstrandläufer
77%
Zwergschnepfe
74%
Dunkler Wasserläufer
71%
Mornellregenpfeifer
71%
Temminckstrandläufer
71%
Rotflügel-Brachschwalbe
70%
Triel
70%
Schwarzflügel-Brachschwalbe
67%
Meerstrandläufer
66%
Teichwasserläufer
63%
Kleiner Gelbschenkel
61%
Odinshühnchen
61%
Großer Gelbschenkel
60%
Steppenkiebitz
60%
Thorshühnchen
60%
Graubrust-Strandläufer
59%
Steinwälzer
59%
Grasläufer
57%
Sumpfläufer
57%
Spornkiebitz
56%
Tundra-Goldregenpfeifer
54%
Drosseluferläufer
50%
Wüstenregenpfeifer
50%
Bairdstrandläufer
46%
Dünnschnabel-Brachvogel
46%
Prärie-Goldregenpfeifer
46%
Terekwasserläufer
46%
Weißschwanzkiebitz
46%
Wiesenstrandläufer
44%
Bunt-Goldschnepfe
43%
Zwergbrachvogel
43%
Einsamer Wasserläufer
41%
Mongolenregenpfeifer
41%
Anadyrknutt
40%
Orientbrachschwalbe
40%
Rotlappenkiebitz
39%
Sandstrandläufer
39%
Senegaltriel
37%
Bergstrandläufer
36%
Kleiner Schlammläufer
36%
Rennvogel
36%
Großer Schlammläufer
34%
Hudsonschnepfe
34%
Amerikanischer Sandregenpfeifer
33%
Hirtenregenpfeifer
31%
Spitzschwanz-Strandläufer
31%
Keilschwanz-Regenpfeifer
27%
Langzehen-Strandläufer
27%
Spießbekassine
27%
Weißbürzelstrandläufer
27%
Wermutregenpfeifer
27%
Wilson-Wassertreter
27%
Prärieläufer
26%
Schlammtreter
26%
Krokodilwächter
24%
Rotkehl-Strandläufer
24%
Wilson-Bekassine
23%
Bindenstrandläufer
20%
Reiherläufer
20%
Eskimo-Brachvogel
11%
Waldbekassine
11%
Dreibandregenpfeifer
9%
Kanadaschnepfe
7%
Grauschwanz-Wasserläufer
4%
Schwarzschopfkiebitz
3%
Steppenregenpfeifer
3%
Keine übereinstimmenden Quizze gefunden
Verteilung der Resultate
Anzahl Personen mit jedem Resultat
Perzentil nach korrekt beantworteten Fragen
Ihre Resultats-Entwicklung
Sie haben dieses Quiz seit der letzten Aktualisierung nicht gespielt